Arica: tierra de historia
Збережено в:
| Автор: | |
|---|---|
| Формат: | Книга |
| Мова: | Іспанська |
| Опубліковано: |
Santiago, Chile
Universitaria
1985
|
| Предмети: | |
| Теги: |
Додати тег
Немає тегів, Будьте першим, хто поставить тег для цього запису!
|
MARC
| LEADER | 00000nam a2200000 a 4500 | ||
|---|---|---|---|
| 001 | UCX8745 | ||
| 003 | CL-VaPUC | ||
| 005 | 20241021165340.0 | ||
| 008 | 940422e19850000CL |||||||||||||||||spa|d | ||
| 999 | |c 228159 |d 228157 | ||
| 040 | |c Pontificia Universidad Católica de Valparaíso | ||
| 082 | 0 | 4 | |a 983.123 GIE 1985 |2 21 |
| 100 | |a Gierke Kittsteiner, J. H. von |e author |9 325948 | ||
| 245 | 1 | 0 | |a Arica: |b tierra de historia |
| 260 | |a Santiago, Chile |b Universitaria |c 1985 | ||
| 300 | |a 3 volúmenes | ||
| 583 | |a last modification |c 19940422 00:00:00 |k Rodrigo Vera | ||
| 650 | 0 | |a Historia de Arica |z ARICA |z CHILE |9 319586 | |
| 852 | |a BIBCUR | ||
| 942 | |c BK |2 ddc | ||
| 945 | |d 19940422 00:00:00 |a aalvarez | ||
| 952 | |0 0 |1 0 |2 ddc |4 0 |6 983_123000000000000_GIE_1985 |7 0 |8 A |9 227896 |a BIBHIS |b BIBHIS |d 2019-11-15 |h v.1 |i 2951096 |o 983.123 GIE 1985 |p 2951096 |r 2025-01-20 |t 1 |w 2019-11-15 |y BK |k HIS | ||
| 952 | |0 0 |1 0 |2 ddc |4 0 |6 983_123000000000000_GIE_1985 |7 0 |8 A |9 227897 |a BIBHIS |b BIBHIS |d 2019-11-15 |h v.2 |i 295110K |o 983.123 GIE 1985 |p 295110K |r 2025-01-20 |t 1 |w 2019-11-15 |y BK |k HIS | ||
| 952 | |0 0 |1 0 |2 ddc |4 0 |6 983_123000000000000_GIE_1985 |7 0 |8 A |9 227898 |a BIBHIS |b BIBHIS |d 2019-11-15 |h v.3 |i 2951118 |o 983.123 GIE 1985 |p 2951118 |r 2025-01-20 |t 1 |w 2019-11-15 |y BK |k HIS | ||